Central Library OPAC University of Rajshahi
Normal view MARC view

Entry Topical Term

Number of records used in: 2

001 - CONTROL NUMBER

  • control field: 6131

003 - CONTROL NUMBER IDENTIFIER

  • control field: BD-RjUL

005 - DATE AND TIME OF LATEST TRANSACTION

  • control field: 20221205103644.0

008 - FIXED-LENGTH DATA ELEMENTS

  • fixed length control field: 221205|| aca||aabn | a|a d

040 ## - CATALOGING SOURCE

  • Original cataloging agency: BD-RjUL
  • Transcribing agency: BD-RjUL

150 ## - HEADING--TOPICAL TERM

  • Form subdivision: Qurʼan Criticism, interpretation, etc

670 ## - SOURCE DATA FOUND

  • Source citation: Work cat.: (BD-RjUL)80883: خازن البغدادي، علي بن محمد. إعداد سناء محمود عبد الله عابد.ʻAlī ibn Muḥammad Khāzin al-Baghdādī; Sanāʼ bint Maḥmūd ʻAbd Allāh ʻĀbid, تفسير الخازن المسمي لباب التاويل في معاني التنزيل [tafsir alkhazin almusamiyi libab altaawil fi maeani altanzil /, 1955